[Event "Tuapse op"]
[Site "Tuapse"]
[Date "2021.07.05"]
[Round "9"]
[White "Gubajdullin, Alexey"]
[Black "Vartaniants, Mikhail"]
[Result "1-0"]
[WhiteElo "2340"]
[BlackElo "1862"]
[PlyCount "69"]
[EventDate "2021.06.27"]
[EventType "swiss"]
[EventRounds "9"]
[EventCountry "RUS"]
[SourceTitle "CBM 203 Extra"]
[Source "ChessBase"]
[SourceDate "2021.09.30"]
[SourceVersion "1"]
[SourceVersionDate "2021.09.30"]
[SourceQuality "1"]

1. d4 c5 2. d5 Nf6 3. Nc3 e6 4. e4 exd5 5. Nxd5 Be7 6. Bc4 0-0 7. Bf4 d6 8. f3 Nxd5 9. Bxd5 Nc6 10. c3 Kh8 11. Ne2 Be6 12. 0-0 Qb6 13. Rb1 Rad8 14. Be3 Qc7 15. Nf4 Bg5 16. Ng6+ fxg6 17. Bxg5 Rde8 18. Rf2 Bxd5 19. Qxd5 Re5 20. Qd2 Qf7 21. Rd1 Qxa2 22. Bf4 Re6 23. Qd5 Qxd5 24. exd5 Ref6 25. Bg5 Ne5 26. Bxf6 gxf6 27. f4 Nf7 28. Re2 g5 29. Re7 gxf4 30. Rxb7 Ne5 31. Ra1 Ra8 32. Raxa7 Rxa7 33. Rxa7 Nc4 34. b3 Ne3 35. b4 1-0

[Event "Malaya Zemlya op"]
[Site "Novorossiysk"]
[Date "2014.07.11"]
[Round "4"]
[White "Zubkov, Daniil"]
[Black "Vartaniants, Mikhail"]
[Result "0-1"]
[WhiteElo "1572"]
[BlackElo "1885"]
[PlyCount "68"]
[EventDate "2014.07.08"]
[EventType "swiss"]
[EventRounds "9"]
[EventCountry "RUS"]
[SourceTitle "CBM 161 Extra"]
[Source "ChessBase"]
[SourceDate "2014.08.29"]
[SourceVersion "1"]
[SourceVersionDate "2014.08.29"]
[SourceQuality "1"]

1. e4 c5 2. Nf3 Nc6 3. d4 cxd4 4. Nxd4 Nf6 5. Nc3 e5 6. Ndb5 d6 7. Bg5 a6 8. Na3 b5 9. Nd5 Qa5+ 10. Bd2 Qd8 11. Bg5 Be7 12. Bxf6 Bxf6 13. c3 Bg5 14. Nc2 Rb8 15. Be2 0-0 16. 0-0 f5 17. f3 f4 18. Ncb4 Ne7 19. Qb3 Be6 20. Nxe7+ Qxe7 21. Qd1 Qd7 22. Kh1 Rf6 23. Qd3 a5 24. Nc2 Rh6 25. b3 Qf7 26. Qxd6 Rd8 27. Qxe5 Qh5 28. h3 Bxh3 29. Kg1 Bxg2 30. Qe6+ Rxe6 31. Kxg2 Qh4 32. Rh1 Qg3+ 33. Kf1 Bh4 34. Rxh4 Qxh4 0-1

[Event "Malaya Zemlya op"]
[Site "Novorossiysk"]
[Date "2014.07.10"]
[Round "3"]
[White "Vartaniants, Mikhail"]
[Black "Ermolov, Vasily"]
[Result "0-1"]
[WhiteElo "1885"]
[BlackElo "2031"]
[PlyCount "60"]
[EventDate "2014.07.08"]
[EventType "swiss"]
[EventRounds "9"]
[EventCountry "RUS"]
[SourceTitle "CBM 161 Extra"]
[Source "ChessBase"]
[SourceDate "2014.08.29"]
[SourceVersion "1"]
[SourceVersionDate "2014.08.29"]
[SourceQuality "1"]

1. e4 c5 2. Nf3 g6 3. d4 Bg7 4. Nc3 cxd4 5. Nxd4 Nc6 6. Be3 Nf6 7. Bc4 0-0 8. f3 d6 9. Qd2 Bd7 10. g4 a6 11. h4 b5 12. Be2 Ne5 13. h5 Rc8 14. hxg6 fxg6 15. Bh6 b4 16. Nd5 Rf7 17. Bxg7 Rxg7 18. Nxf6+ exf6 19. Qxb4 Rb8 20. Qxd6 Rxb2 21. Ne6 Qa5+ 22. Kf1 Rf7 23. Nc5 Qc3 24. Rc1 Qe3 25. Re1 Rxc2 26. Nxd7 Rxe2 27. Rxe2 Qxf3+ 28. Kg1 Rxd7 29. Rxh7 Kxh7 30. Rh2+ Kg7 0-1

[Event "Nebug Rating op"]
[Site "Nebug"]
[Date "2013.03.30"]
[Round "9"]
[White "Voischeva, Zinaida"]
[Black "Vartaniants, Mikhail"]
[Result "1-0"]
[WhiteElo "1836"]
[BlackElo "1894"]
[PlyCount "59"]
[EventDate "2013.03.22"]
[EventType "swiss"]
[EventRounds "9"]
[EventCountry "RUS"]
[SourceTitle "EXT 2015"]
[Source "ChessBase"]
[SourceDate "2014.11.20"]
[SourceVersion "1"]
[SourceVersionDate "2014.11.20"]
[SourceQuality "1"]

1. e4 c5 2. Nf3 Nc6 3. Bb5 g6 4. Bxc6 dxc6 5. h3 Nf6 6. d3 Bg7 7. Nc3 0-0 8. Be3 b6 9. 0-0 Re8 10. Qd2 e5 11. Bh6 Nd7 12. Bxg7 Kxg7 13. Nh2 Qc7 14. Ng4 Qd6 15. Qh6+ Kg8 16. f4 exf4 17. Rxf4 Qd4+ 18. Kh1 Qg7 19. Qg5 Rf8 20. Raf1 f6 21. Nxf6+ Nxf6 22. Rxf6 Rxf6 23. Rxf6 Bd7 24. e5 Re8 25. Ne4 Qe7 26. Rd6 Bf5 27. Nf6+ Kf7 28. Rxc6 h6 29. Qxh6 Qxe5 30. Qh7+ 1-0

[Event "Krasnodar Region-ch"]
[Site "Krasnodar"]
[Date "2012.10.09"]
[Round "8"]
[White "Vartaniants, Mikhail"]
[Black "Gurianov, Daniil"]
[Result "1-0"]
[WhiteElo "1869"]
[BlackElo "1681"]
[PlyCount "83"]
[EventDate "2012.10.02"]
[EventType "swiss"]
[EventRounds "9"]
[EventCountry "RUS"]
[SourceTitle "EXT 2013"]
[Source "ChessBase"]
[SourceDate "2012.11.22"]
[SourceVersion "1"]
[SourceVersionDate "2012.11.22"]
[SourceQuality "1"]

1. e4 e5 2. f4 d5 3. exd5 exf4 4. Nf3 Nf6 5. c4 c6 6. d4 cxd5 7. Bxf4 Bb4+ 8. Nc3 0-0 9. Bd3 Re8+ 10. Be5 dxc4 11. Bxc4 Be6 12. Bxe6 Rxe6 13. 0-0 Bxc3 14. bxc3 Nd5 15. Qc1 Rc6 16. c4 f6 17. Bg3 Qc8 18. c5 Kh8 19. Bd6 Nd7 20. Qd2 b6 21. Rac1 Qb7 22. Rfe1 Rac8 23. Nh4 bxc5 24. dxc5 Nc7 25. Re7 Na6 26. Nf5 Rg8 27. Qe3 Qc8 28. Nxg7 Ndxc5 29. Bxc5 Rxc5 30. Rxc5 Qxc5 31. Qxc5 Nxc5 32. Nh5 Rf8 33. Rxa7 f5 34. a4 Ne4 35. a5 Rd8 36. h3 Rd1+ 37. Kh2 Kg8 38. Rg7+ Kh8 39. a6 Ra1 40. a7 Ra6 41. Rb7 h6 42. Rb8+ 1-0

[Event "Krasnodar Summer op"]
[Site "Krasnodar"]
[Date "2012.07.17"]
[Round "8"]
[White "Vartaniants, Mikhail"]
[Black "Shcheglov, Vladimir A"]
[Result "1-0"]
[WhiteElo "1808"]
[BlackElo "1694"]
[PlyCount "35"]
[EventDate "2012.07.10"]
[EventType "swiss"]
[EventRounds "9"]
[EventCountry "RUS"]
[SourceTitle "EXT 2013"]
[Source "ChessBase"]
[SourceDate "2012.11.22"]
[SourceVersion "1"]
[SourceVersionDate "2012.11.22"]
[SourceQuality "1"]

1. e4 c5 2. d4 cxd4 3. c3 d6 4. cxd4 Nf6 5. Nc3 a6 6. Bg5 h6 7. Bxf6 exf6 8. Bc4 Be6 9. Bxe6 fxe6 10. Qh5+ Kd7 11. d5 Qe7 12. Nge2 b5 13. 0-0 g5 14. Nd4 e5 15. Ne6 Kc8 16. Rac1 Nd7 17. Nxb5+ Nc5 18. Nxd6+ 1-0

[Event "Krasnodar Summer op"]
[Site "Krasnodar"]
[Date "2012.07.16"]
[Round "7"]
[White "Vartaniants, Mikhail"]
[Black "Pudovkin, Dmitry"]
[Result "0-1"]
[WhiteElo "1808"]
[BlackElo "2261"]
[PlyCount "80"]
[EventDate "2012.07.10"]
[EventType "swiss"]
[EventRounds "9"]
[EventCountry "RUS"]
[SourceTitle "EXT 2013"]
[Source "ChessBase"]
[SourceDate "2012.11.22"]
[SourceVersion "1"]
[SourceVersionDate "2012.11.22"]
[SourceQuality "1"]

1. e4 c5 2. d4 cxd4 3. c3 dxc3 4. Nxc3 Nc6 5. Nf3 d6 6. Bc4 e6 7. 0-0 Nf6 8. Qe2 Be7 9. Rd1 e5 10. Be3 Bg4 11. Bxf7+ Kxf7 12. Ng5+ Kg6 13. f3 h6 14. fxg4 hxg5 15. Qf3 Qd7 16. h3 Rhf8 17. Qf5+ Qxf5 18. gxf5+ Kf7 19. Bxg5 Nd4 20. Kf2 Rac8 21. Rac1 Rc4 22. b3 Rxc3 23. Bxf6 Rxc1 24. Rxc1 gxf6 25. Rc7 d5 26. exd5 Nxf5 27. Rxb7 Kg6 28. b4 Bd8 29. a4 Bb6+ 30. Kf3 Rd8 31. g4 Nd6 32. Re7 Rc8 33. h4 Rc4 34. h5+ Kh6 35. Re6 Rf4+ 36. Kg3 Ne4+ 37. Kh3 Ng5+ 38. Kg3 Nxe6 39. dxe6 Bd8 40. b5 Rxa4 0-1

[Event "Krasnodar Summer op"]
[Site "Krasnodar"]
[Date "2012.07.15"]
[Round "6"]
[White "Maslianok, Sergey"]
[Black "Vartaniants, Mikhail"]
[Result "1/2-1/2"]
[WhiteElo "2030"]
[BlackElo "1808"]
[PlyCount "42"]
[EventDate "2012.07.10"]
[EventType "swiss"]
[EventRounds "9"]
[EventCountry "RUS"]
[SourceTitle "EXT 2013"]
[Source "ChessBase"]
[SourceDate "2012.11.22"]
[SourceVersion "1"]
[SourceVersionDate "2012.11.22"]
[SourceQuality "1"]

1. d4 Nf6 2. c4 c5 3. dxc5 Qa5+ 4. Nc3 Ne4 5. Qc2 Nxc5 6. a3 Nc6 7. Bd2 Nd4 8. Qd1 Ndb3 9. Ne4 Nxd2 10. Nxd2 Ne4 11. b4 Qf5 12. Nxe4 Qxe4 13. e3 g6 14. Qd4 Qxd4 15. exd4 Bg7 16. Nf3 b6 17. Be2 Bb7 18. Rd1 d6 19. 0-0 Rc8 20. d5 0-0 21. Nd4 Ba6 1/2-1/2